000 00647nam a22001937a 4500
005 20140313162341.0
010 _aENG-109412
020 _a9788183162623
_c150.00
035 _aEN-92945
037 _bDBAD/PUB
082 _a370.1523
100 _aAruna Mohan,G.
245 _aHolistic education with knowledge and self-knowledge based on J. Krishnamurthi's teachings /
_cby G. Aruna Mohan
260 _aHyderabad
_bNeelkamal Publications
_c2012
270 _aSultan Bazar
_bHyderabad
_e500095
300 _aviii,144p.
_c22cm(pbk)
500 _aIncludes biblographical references and index
942 _2ddc
_cEN
_mARU
_h370.1523
999 _c82765
_d82765